| 000 | 00571nam a2200145Ia 4500 | ||
|---|---|---|---|
| 008 | 151213s9999 xx 000 0 und d | ||
| 100 | _aমাহমুদ হাসান | ||
| 245 |
_aবিবিসি বাংলা বিভাগের বেরী কোলম্যান। _cমাহমুদ হাসান |
||
| 260 |
_aঢাকা _bএকাডেমিক পাবলিশার্স। _c1995 |
||
| 300 | _a8839 p. | ||
| 650 | _aBangla | ||
| 650 | _aগল্পগ্রন্থ। | ||
| 700 | _aমাহমুদ হাসান | ||
| 999 |
_c4624 _d4624 |
||